000 00706nam a22002297a 4500
003 UA-OsUOA
001 60979
007 ta
008 20090615b un ||||| |||| 00| 0 ukr d
090 _a801.6
_bД25
942 _cBK
040 _aUA-OsUOA
_bukr
_cUA-OsUOA
_dUA-OsUOA
245 _aДевоційне віршування рубежу 16 - 17 ст.
_cЗема В.
300 _a60 с.
955 _a2
041 _aukr
080 _a801.6
020 _a978-966-02-4701-7
260 _aК.
_bІнститут історії України НАН України
_c2008
650 7 _a801 Просодія. Допоміжні науки та джерела філології
_2UDC
999 _c347190
_d347190